| 000 | 00681nam a2200181Ia 4500 | ||
|---|---|---|---|
| 001 | 7259 | ||
| 003 | GE_BSU | ||
| 008 | 181216s||||||||xx |||||||||||||| ||und|| | ||
| 040 | _cGE_BSU | ||
| 080 | _a622.276.522 | ||
| 245 | _aБурение скважин и добыча нефти и газа.Том 3. Международный нефтяной конгресс. | ||
| 245 | _cВед.ред.: Ю.К.Бекман, А.А.Ковалева, А.А.Никитенко и др. | ||
| 260 | _bГостоптехиздат. | ||
| 260 | _c1956. | ||
| 300 | _a470стр. с илл. 27см. | ||
| 653 | _aБурение скважин и добыча нефти и газа. | ||
| 942 | _cBK | ||
| 999 |
_c40631 _d40631 |
||